000
00251nam a22001217a 4500
082
_a
425
_b
RAI/H
100
_a
RAI,AJAY
245
_a
HOW TO ACHIEVE
260
_a
DELHI
_b
ORIENT PAPERBACKS
300
_a
175
650
_a
WORD POWER
_z
DELHI
942
_c
BK
999
_c
4093
_d
4093